000 00704nam a22002297a 4500
003 BCEG
005 20260116152606.0
008 260116r19811975mx|||||| |||| 00| 0 spa d
020 _a9682306949
040 _aBCEG
_bspa
_cBCEG
082 0 4 _a985.01
_bA694f
100 1 _aArguedas, José María,
_d1911-1969.
245 1 0 _aFormación de una cultura nacional indoamericana.
260 _aMéxico :
_bSiglo XXI,
_c1975 (reimpresión 1981).
300 _axxvii, 197 p.
_b: fots.
490 _aArqueología.
541 _aDonación.
650 1 4 _aIndios de América del Sur
_vEnsayos, conferencias, etc.
651 4 _aPerú
_xCivilización.
700 1 _aRama, Ángel,
_d1926-1983,
_eintrod.
942 _cBK
999 _c437025
_d437025